Loading...
Current Events | 0 | 5 | 1 | 1 | 45 | 83 | 108.80 | 0 | 1 |
History - European History | 0 | 4 | 0 | 2 | 40 | 69 | 124.25 | 0 | 1 |
Science - Other Science | 0 | 4 | 0 | 2 | 40 | 111 | 134.00 | 0 | 0 |
History - Other History | 0 | 4 | 1 | 0 | 35 | 49 | 76.25 | 2 | 3 |
Religion | 0 | 4 | 1 | 2 | 35 | 101 | 137.50 | 0 | 0 |
Geography | 0 | 3 | 0 | 0 | 30 | 94 | 116.00 | 0 | 0 |
History - World History | 0 | 3 | 0 | 0 | 30 | 88 | 111.67 | 1 | 1 |
Social Science | 0 | 3 | 1 | 1 | 25 | 107 | 123.67 | 0 | 1 |
Fine Arts - Other Fine Arts | 0 | 2 | 0 | 0 | 20 | 98 | 106.50 | 0 | 0 |
Literature - British Literature | 0 | 2 | 0 | 1 | 20 | 89 | 112.50 | 0 | 0 |
Mythology | 0 | 2 | 0 | 1 | 20 | 73 | 110.00 | 0 | 0 |
Philosophy | 0 | 2 | 0 | 1 | 20 | 143 | 143.50 | 0 | 0 |
History - American History | 0 | 3 | 2 | 2 | 20 | 101 | 130.00 | 0 | 0 |
Science - Biology | 0 | 3 | 2 | 2 | 20 | 116 | 127.33 | 0 | 0 |
Literature - American Literature | 0 | 2 | 0 | 0 | 20 | 14 | 34.50 | 1 | 1 |
Literature - World Literature | 0 | 2 | 0 | 0 | 20 | 85 | 115.50 | 0 | 1 |
Science - Physics | 0 | 2 | 1 | 1 | 15 | 141 | 147.00 | 0 | 0 |
Literature - European Literature | 0 | 1 | 0 | 0 | 10 | 116 | 116.00 | 0 | 0 |
Other Academic | 0 | 2 | 2 | 1 | 10 | 133 | 137.00 | 0 | 0 |
Fine Arts - Painting & Sculpture | 0 | 1 | 2 | 0 | 0 | 123 | 123.00 | 0 | 1 |
Science - Chemistry | 0 | 0 | 1 | 0 | -5 | 0.00 | 0 | 0 |